000 01644nam a2200217Ia 4500
003 Ost
005 20260507075256.0
008 260507s9999||||xx |||||||||||||| ||und||
020 _a6593119957
040 _cfsecg
041 _aara
082 _a330
100 _aالنعيمات، فيصل محمود مصطفى
_eمؤلف
245 0 _aمسؤولية البنك في قبول المستندات في نظام الاعتماد المستندي في ظل الاعتراف الموحدة للاعتمادات المستندية :
_bنشرة500لعام1993و بعض القوانين الوطنية المقارنة /
_c فيصل محمود مصطفى النعيمات
260 _aعمان:
_bدار وائل,
_c2005
300 _a250 صفحة؛
_c25 سم
520 _aالتعريف بالاعتماد المستندي وظائفه ، مراحله الزمنية و المراحل التي يقوم بها و أنواعه، معايير مطابقة المستندات و الشروط العامة له و الشروط التفصيلية لفحص المستندات ، مسؤولية البنك في قبول المستندات تجاه أطراف عملية الاعتماد : مسؤولية البنك تجاه العميل في قبول المستندات تجاه أطراف عملية الاعتماد و تنفيذ البنك لالتزامه تجاه المستفيد ، الغش من المستفيد و أثره على التزام البنك بتنفيذ الاعتماد و أخيرا المسؤولية بين البنوك.
653 _aالإعتمادت المصرفية
653 _aالبنوك
942 _cكتاب
999 _c43750
_d43750